| 000 | 00686nam a2200241 a 4500 | ||
|---|---|---|---|
| 005 | 20140310183310.0 | ||
| 008 | 050914s19uu xx 00 eng d | ||
| 020 | _a0443100195 | ||
| 050 |
_aRS 57 _b.W726 2005 |
||
| 100 | _aWinfield, Arthur | ||
| 245 |
_aCalculations for pharmaceutical practice / _cArthur Winfield. |
||
| 260 |
_aEdinburgh : _bElseviere Churchill Livingstone, _c2005. |
||
| 300 |
_a323 p. : _c19 cm. |
||
| 521 | _aNUR | ||
| 650 | _aPharmaceutical arithmetic. | ||
| 650 | _aPharmacy. | ||
| 650 | _aWeight and measures. | ||
| 650 | _aDosage forms. | ||
| 650 | _aDrug compounding. | ||
| 700 | _aEdafiogho, Ivan | ||
| 942 |
_cBK _2lcc _kFOR |
||
| 999 |
_c21132 _d21132 |
||